000 00543nam a2200193Ia 4500
008 230312s9999 xx 000 0 und d
041 _aeng
082 _a621.37
_b621.37 MEH
100 _aMehta V.K.
_9126121
245 _aBasic Electrical Engineering
_bFor B.E./B.Tech. And Other Engineering Examinations
250 _a5th ed.
260 _bS. Chand & Company Ltd.
300 _a903
365 _cRs.
_b350.00
700 _aMehta.R.
_9126122
710 _aMehta V.K. & Mehta. R.
_9126123
906 _b119
999 _c102329
_d102329